LIBRARY & INFORMATION CENTRE, KCAET, TAVANUR

ONLINE PUBLIC ACCESS CATALOGUE (OPAC)

Managing Drainage and Irrigation / (Record no. 1397)

MARC details
000 -LEADER
fixed length control field 00520cam a2200205ua 4500
041 ## - LANGUAGE CODE
Language code of text/sound track or separate title eng
082 ## - DEWEY DECIMAL CLASSIFICATION NUMBER
Classification number 631.5872
Item number RAK/MA
100 ## - MAIN ENTRY--AUTHOR NAME
Personal name Rakesh, Hooja .
245 ## - TITLE STATEMENT
Title Managing Drainage and Irrigation /
250 ## - EDITION STATEMENT
Edition statement 1 /
260 ## - PUBLICATION, DISTRIBUTION, ETC. (IMPRINT)
Place of publication New Delhi :
Name of publisher Himanshu publications ,
Year of publication 1997.
300 ## - PHYSICAL DESCRIPTION
Number of Pages 334 ; .
700 1# - ADDED ENTRY--PERSONAL NAME
Personal name Mundra, S.N .
700 1# - ADDED ENTRY--PERSONAL NAME
Personal name Viswanatha, N.A .
942 ## - ADDED ENTRY ELEMENTS (KOHA)
Koha item type Books
Holdings
Withdrawn status Lost status Damaged status Home library Current library Date acquired Full call number Accession Number Koha item type
      KAUAET KAUAET 07/04/2012 631.5872 19468 Books
free website counter